000 01200nam a2200229Ia 4500
999 _c43999
_d43999
001 10749
003 GE_BSU
005 20200206113200.0
008 181216s2006||||ge |||||||||||||| ||geo||
020 _a99928730210
040 _cGE_BSU
041 _ageo
080 _a611(075.8) კ-34
100 _aკაციტაძე, ზურაბ
_96829
245 _aადამიანის ანატომია :
_bსახელმძღვანელო სტომატოლოგიური ფაკულტეტის სტუდენტებისათვის /
_cზურაბ კაციტაძე; [რედ. აკად. ნინო ჯავახიშვილი. რეცენზენტები: პროფ. ელგუჯა ყიფიანი, პროფ. ზურაბ გვენეტაძე].
264 _aთბილისი:
_bმედეა,
_c2006.
300 _a380 გვ.:
_bილ.
_c21სმ.
653 _aადამიანის ანატომია
653 _aმედიცინა
700 _aჯავახიშვილი, ნინო
_eრედაქტორი
_96695
942 _cBK
_2udc